| 000 | 01019nam a22002657a 4500 | ||
|---|---|---|---|
| 001 | 03127 | ||
| 003 | HDC | ||
| 007 | cr bn --- | ||
| 008 | 210103b20142014xxk||||| |||| 00| 0 eng d | ||
| 040 | _aHDC | ||
| 100 |
_aAlotaibi, Khaled Obaid _eauthor _92025 |
||
| 245 | 4 |
_aThe Halal-Based Equity Investments in Kuwait _c/ Khaled Obaid Alotaibi |
|
| 260 |
_aUnited Kingdom: _bUniversity of Dundee, _c2014 |
||
| 300 | _a1 online resource (443 pages) | ||
| 336 |
_atext _2rdacontent |
||
| 337 |
_acomputer _2rdamedia |
||
| 338 |
_aonline resource _2rdacarrier |
||
| 500 |
_aOriginally published as: Thesis (Ph. D.)--University of Dundee, 2014 (423 pages) _aIncludes bibliographical references |
||
| 650 |
_aIslam _xEconomic aspects _92026 |
||
| 710 |
_aUniversity of Dundee _eissuing body |
||
| 856 | _zRequest full-text at [email protected] | ||
| 942 | _2lcc | ||
| 942 | _cTHE | ||
| 942 | _kTHES 000106 | ||
| 999 |
_c513 _d513 |
||